<?xml version="1.0" encoding="UTF-8"?>
<record
    xmlns:xsi="http://www.w3.org/2001/XMLSchema-instance"
    xsi:schemaLocation="http://www.loc.gov/MARC21/slim http://www.loc.gov/standards/marcxml/schema/MARC21slim.xsd"
    xmlns="http://www.loc.gov/MARC21/slim">

  <leader>03044nam0a2200445   4500</leader>
  <controlfield tag="001">RU\NLR\BIBL_A\012806668</controlfield>
  <controlfield tag="005">20230410164321.0</controlfield>
  <datafield tag="010" ind1=" " ind2=" ">
    <subfield code="a">978-5-00169-985-9</subfield>
    <subfield code="9">3500</subfield>
  </datafield>
  <datafield tag="021" ind1=" " ind2=" ">
    <subfield code="a">RU</subfield>
    <subfield code="b">&#x41A;&#x41D;-&#x41F;-22-012309</subfield>
    <subfield code="9">&#x41A;&#x41D;-&#x41F;-22-1046</subfield>
  </datafield>
  <datafield tag="035" ind1=" " ind2=" ">
    <subfield code="a">(NLR Aleph) 012806668</subfield>
  </datafield>
  <datafield tag="035" ind1=" " ind2=" ">
    <subfield code="a">(RuMoRGB)010994338</subfield>
  </datafield>
  <datafield tag="090" ind1=" " ind2=" ">
    <subfield code="a">13199936</subfield>
    <subfield code="c">13199936</subfield>
  </datafield>
  <datafield tag="100" ind1=" " ind2=" ">
    <subfield code="a">20220601d2022    u  y0rusy50      ca</subfield>
  </datafield>
  <datafield tag="101" ind1="1" ind2=" ">
    <subfield code="a">rus</subfield>
    <subfield code="c">eng</subfield>
  </datafield>
  <datafield tag="102" ind1=" " ind2=" ">
    <subfield code="a">RU</subfield>
  </datafield>
  <datafield tag="105" ind1=" " ind2=" ">
    <subfield code="a">y   z   000zy</subfield>
  </datafield>
  <datafield tag="181" ind1=" " ind2="0">
    <subfield code="a">i4</subfield>
    <subfield code="b">axxe  </subfield>
  </datafield>
  <datafield tag="182" ind1=" " ind2="0">
    <subfield code="a">n</subfield>
  </datafield>
  <datafield tag="200" ind1="1" ind2=" ">
    <subfield code="a">&#x41A;&#x430;&#x43A; &#x434;&#x435;&#x43B;&#x430;&#x442;&#x44C; &#x43F;&#x43E;&#x43B;&#x435;&#x437;&#x43D;&#x44B;&#x435; &#x437;&#x430;&#x43C;&#x435;&#x442;&#x43A;&#x438;</subfield>
    <subfield code="d">How to take smart notes</subfield>
    <subfield code="e">&#x44D;&#x444;&#x444;&#x435;&#x43A;&#x442;&#x438;&#x432;&#x43D;&#x430;&#x44F; &#x441;&#x438;&#x441;&#x442;&#x435;&#x43C;&#x430; &#x43E;&#x440;&#x433;&#x430;&#x43D;&#x438;&#x437;&#x430;&#x446;&#x438;&#x438; &#x438;&#x434;&#x435;&#x439; &#x43F;&#x43E; &#x43C;&#x435;&#x442;&#x43E;&#x434;&#x443; Zettelkasten</subfield>
    <subfield code="f">&#x417;&#x43E;&#x43D;&#x43A;&#x435; &#x410;&#x440;&#x435;&#x43D;&#x441;</subfield>
    <subfield code="g">&#x43F;&#x435;&#x440;&#x435;&#x432;&#x43E;&#x434; &#x441; &#x430;&#x43D;&#x433;&#x43B;&#x438;&#x439;&#x441;&#x43A;&#x43E;&#x433;&#x43E; &#x415;&#x43A;&#x430;&#x442;&#x435;&#x440;&#x438;&#x43D;&#x44B; &#x421;&#x432;&#x435;&#x448;&#x43D;&#x438;&#x43A;&#x43E;&#x432;&#x43E;&#x439;</subfield>
    <subfield code="z">eng</subfield>
  </datafield>
  <datafield tag="203" ind1=" " ind2=" ">
    <subfield code="a">&#x422;&#x435;&#x43A;&#x441;&#x442;</subfield>
    <subfield code="b">&#x432;&#x438;&#x437;&#x443;&#x430;&#x43B;&#x44C;&#x43D;&#x44B;&#x439;</subfield>
    <subfield code="c">&#x43D;&#x435;&#x43F;&#x43E;&#x441;&#x440;&#x435;&#x434;&#x441;&#x442;&#x432;&#x435;&#x43D;&#x43D;&#x44B;&#x439;</subfield>
  </datafield>
  <datafield tag="210" ind1=" " ind2=" ">
    <subfield code="a">&#x41C;&#x43E;&#x441;&#x43A;&#x432;&#x430;</subfield>
    <subfield code="c">&#x41C;&#x430;&#x43D;&#x43D;, &#x418;&#x432;&#x430;&#x43D;&#x43E;&#x432; &#x438; &#x424;&#x435;&#x440;&#x431;&#x435;&#x440;</subfield>
    <subfield code="d">2022 [&#x442;. &#x435;. 2021]</subfield>
  </datafield>
  <datafield tag="215" ind1=" " ind2=" ">
    <subfield code="a">222, [1] &#x441;.</subfield>
    <subfield code="d">25</subfield>
  </datafield>
  <datafield tag="225" ind1="1" ind2=" ">
    <subfield code="a">&#x421;&#x435;&#x440;&#x438;&#x44F; "&#x41C;&#x435;&#x436;&#x434;&#x443; &#x441;&#x442;&#x440;&#x43E;&#x43A;"</subfield>
  </datafield>
  <datafield tag="300" ind1=" " ind2=" ">
    <subfield code="a">&#x410;&#x432;&#x442;. &#x442;&#x430;&#x43A;&#x436;&#x435; &#x43D;&#x430; &#x430;&#x43D;&#x433;&#x43B;. &#x44F;&#x437;.: S&#xF6;nke Ahrens</subfield>
  </datafield>
  <datafield tag="300" ind1=" " ind2=" ">
    <subfield code="a">&#x41A;&#x43D;. &#x444;&#x430;&#x43A;&#x442;&#x438;&#x447;&#x435;&#x441;&#x43A;&#x438; &#x438;&#x437;&#x434;&#x430;&#x43D;&#x430; &#x432; 2021 &#x433;.</subfield>
  </datafield>
  <datafield tag="320" ind1=" " ind2=" ">
    <subfield code="a">&#x411;&#x438;&#x431;&#x43B;&#x438;&#x43E;&#x433;&#x440;.: &#x441;. 211-223 (163 &#x43D;&#x430;&#x437;&#x432;.) &#x438; &#x432; &#x43F;&#x43E;&#x434;&#x441;&#x442;&#x440;&#x43E;&#x447;. &#x43F;&#x440;&#x438;&#x43C;&#x435;&#x447;.</subfield>
  </datafield>
  <datafield tag="330" ind1=" " ind2=" ">
    <subfield code="a">&#x41C;&#x435;&#x442;&#x43E;&#x434; Zettelkasten - &#x44D;&#x442;&#x43E; &#x44D;&#x444;&#x444;&#x435;&#x43A;&#x442;&#x438;&#x432;&#x43D;&#x430;&#x44F; &#x441;&#x438;&#x441;&#x442;&#x435;&#x43C;&#x430; &#x43E;&#x440;&#x433;&#x430;&#x43D;&#x438;&#x437;&#x430;&#x446;&#x438;&#x438; &#x43F;&#x43E;&#x43B;&#x435;&#x437;&#x43D;&#x43E;&#x439; &#x438;&#x43D;&#x444;&#x43E;&#x440;&#x43C;&#x430;&#x446;&#x438;&#x438;, &#x438;&#x434;&#x435;&#x439; &#x434;&#x43B;&#x44F; &#x440;&#x430;&#x431;&#x43E;&#x442;&#x44B; &#x438; &#x443;&#x447;&#x435;&#x431;&#x44B;, &#x440;&#x430;&#x437;&#x432;&#x438;&#x442;&#x438;&#x44F; &#x43C;&#x44B;&#x448;&#x43B;&#x435;&#x43D;&#x438;&#x44F;, &#x43F;&#x440;&#x438;&#x434;&#x443;&#x43C;&#x430;&#x43D;&#x43D;&#x430;&#x44F; &#x43D;&#x435;&#x43C;&#x435;&#x446;&#x43A;&#x438;&#x43C; &#x441;&#x43E;&#x446;&#x438;&#x43E;&#x43B;&#x43E;&#x433;&#x43E;&#x43C; &#x41D;&#x438;&#x43A;&#x43B;&#x430;&#x441;&#x43E;&#x43C; &#x41B;&#x443;&#x43C;&#x430;&#x43D;&#x43E;&#x43C;. &#x421; &#x43F;&#x43E;&#x43C;&#x43E;&#x449;&#x44C;&#x44E; &#x44D;&#x442;&#x43E;&#x439; &#x43A;&#x43D;&#x438;&#x433;&#x438; &#x432;&#x44B; &#x43E;&#x441;&#x432;&#x43E;&#x438;&#x442;&#x435; &#x43F;&#x440;&#x438;&#x43D;&#x446;&#x438;&#x43F; &#x43F;&#x43E;&#x43B;&#x435;&#x437;&#x43D;&#x44B;&#x445; &#x437;&#x430;&#x43C;&#x435;&#x442;&#x43E;&#x43A; &#x438; &#x43F;&#x43E;&#x439;&#x43C;&#x435;&#x442;&#x435; &#x43D;&#x435; &#x442;&#x43E;&#x43B;&#x44C;&#x43A;&#x43E; &#x442;&#x43E;, &#x43A;&#x430;&#x43A; &#x43E;&#x43D; &#x440;&#x430;&#x431;&#x43E;&#x442;&#x430;&#x435;&#x442;, &#x43D;&#x43E; &#x438; &#x43F;&#x43E;&#x447;&#x435;&#x43C;&#x443;. &#x41D;&#x435;&#x432;&#x430;&#x436;&#x43D;&#x43E;, &#x43A;&#x442;&#x43E; &#x432;&#x44B; &#x438; &#x447;&#x435;&#x43C; &#x437;&#x430;&#x43D;&#x438;&#x43C;&#x430;&#x435;&#x442;&#x435;&#x441;&#x44C; - &#x443;&#x447;&#x438;&#x442;&#x435;&#x441;&#x44C; &#x432; &#x443;&#x43D;&#x438;&#x432;&#x435;&#x440;&#x441;&#x438;&#x442;&#x435;&#x442;&#x435;, &#x43F;&#x438;&#x448;&#x435;&#x442;&#x435; &#x441;&#x442;&#x430;&#x442;&#x44C;&#x438; &#x438;&#x43B;&#x438; &#x43F;&#x440;&#x43E;&#x441;&#x442;&#x43E; &#x447;&#x438;&#x442;&#x430;&#x435;&#x442;&#x435; &#x43A;&#x43D;&#x438;&#x433;&#x438; &#x438; &#x438;&#x437;&#x443;&#x447;&#x430;&#x435;&#x442;&#x435; &#x438;&#x43D;&#x442;&#x435;&#x440;&#x435;&#x441;&#x43D;&#x443;&#x44E; &#x438;&#x43D;&#x444;&#x43E;&#x440;&#x43C;&#x430;&#x446;&#x438;&#x44E;, - &#x441; &#x43F;&#x43E;&#x43C;&#x43E;&#x449;&#x44C;&#x44E; &#x43C;&#x435;&#x442;&#x43E;&#x434;&#x430; Zettelkasten &#x432;&#x44B; &#x43D;&#x430;&#x443;&#x447;&#x438;&#x442;&#x435;&#x441;&#x44C; &#x434;&#x435;&#x43B;&#x430;&#x442;&#x44C; &#x44D;&#x442;&#x43E; &#x431;&#x43E;&#x43B;&#x435;&#x435; &#x43F;&#x440;&#x43E;&#x434;&#x443;&#x43A;&#x442;&#x438;&#x432;&#x43D;&#x43E; &#x438; &#x431;&#x435;&#x437; &#x43B;&#x438;&#x448;&#x43D;&#x438;&#x445; &#x443;&#x441;&#x438;&#x43B;&#x438;&#x439;</subfield>
  </datafield>
  <datafield tag="333" ind1=" " ind2=" ">
    <subfield code="a">16+</subfield>
  </datafield>
  <datafield tag="510" ind1="1" ind2=" ">
    <subfield code="6">z44790</subfield>
    <subfield code="a">How to take smart notes</subfield>
    <subfield code="z">eng</subfield>
  </datafield>
  <datafield tag="606" ind1="1" ind2=" ">
    <subfield code="a">&#x417;&#x43D;&#x430;&#x43D;&#x438;&#x435;</subfield>
    <subfield code="x">&#x423;&#x441;&#x432;&#x43E;&#x435;&#x43D;&#x438;&#x435;</subfield>
    <subfield code="x">&#x41F;&#x441;&#x438;&#x445;&#x43E;&#x43B;&#x43E;&#x433;&#x438;&#x447;&#x435;&#x441;&#x43A;&#x438;&#x435; &#x438;&#x441;&#x441;&#x43B;&#x435;&#x434;&#x43E;&#x432;&#x430;&#x43D;&#x438;&#x44F;</subfield>
    <subfield code="j">&#x41F;&#x43E;&#x43F;&#x443;&#x43B;&#x44F;&#x440;&#x43D;&#x44B;&#x435; &#x438;&#x437;&#x434;&#x430;&#x43D;&#x438;&#x44F;</subfield>
    <subfield code="2">nlr_sh1</subfield>
    <subfield code="3">RU\NLR\AUTH\66645826</subfield>
  </datafield>
  <datafield tag="606" ind1="1" ind2=" ">
    <subfield code="a">&#x41A;&#x43E;&#x43D;&#x441;&#x43F;&#x435;&#x43A;&#x442;&#x44B;</subfield>
    <subfield code="x">&#x421;&#x43E;&#x441;&#x442;&#x430;&#x432;&#x43B;&#x435;&#x43D;&#x438;&#x435;</subfield>
    <subfield code="x">&#x41C;&#x435;&#x442;&#x43E;&#x434;&#x438;&#x43A;&#x430;</subfield>
    <subfield code="j">&#x41F;&#x43E;&#x43F;&#x443;&#x43B;&#x44F;&#x440;&#x43D;&#x44B;&#x435; &#x438;&#x437;&#x434;&#x430;&#x43D;&#x438;&#x44F;</subfield>
    <subfield code="2">nlr_sh2</subfield>
    <subfield code="3">RU\NLR\AUTH\6601630342</subfield>
  </datafield>
  <datafield tag="606" ind1="1" ind2=" ">
    <subfield code="a">&#x422;&#x435;&#x43A;&#x441;&#x442;&#x44B;</subfield>
    <subfield code="x">&#x412;&#x43E;&#x441;&#x43F;&#x440;&#x438;&#x44F;&#x442;&#x438;&#x435;</subfield>
    <subfield code="x">&#x41F;&#x441;&#x438;&#x445;&#x43E;&#x43B;&#x43E;&#x433;&#x438;&#x447;&#x435;&#x441;&#x43A;&#x438;&#x435; &#x43E;&#x441;&#x43D;&#x43E;&#x432;&#x44B;</subfield>
    <subfield code="j">&#x41F;&#x43E;&#x43F;&#x443;&#x43B;&#x44F;&#x440;&#x43D;&#x44B;&#x435; &#x438;&#x437;&#x434;&#x430;&#x43D;&#x438;&#x44F;</subfield>
    <subfield code="2">nlr_sh1</subfield>
    <subfield code="2">nlr_sh2</subfield>
    <subfield code="3">RU\NLR\AUTH\661343869</subfield>
  </datafield>
  <datafield tag="686" ind1="1" ind2=" ">
    <subfield code="a">&#x42E;940.302-353&#x44F;9</subfield>
  </datafield>
  <datafield tag="686" ind1="1" ind2=" ">
    <subfield code="a">&#x42E;944.1-513&#x44F;9</subfield>
  </datafield>
  <datafield tag="700" ind1=" " ind2="1">
    <subfield code="a">&#x410;&#x440;&#x435;&#x43D;&#x441;</subfield>
    <subfield code="b">&#x417;.</subfield>
    <subfield code="g">&#x417;&#x43E;&#x43D;&#x43A;&#x435;</subfield>
  </datafield>
  <datafield tag="790" ind1=" " ind2="1">
    <subfield code="6">z44510</subfield>
    <subfield code="a">Ahrens</subfield>
    <subfield code="b">S.</subfield>
    <subfield code="g">S&#xF6;nke</subfield>
  </datafield>
  <datafield tag="942" ind1=" " ind2=" ">
    <subfield code="c">BOOK</subfield>
  </datafield>
  <datafield tag="980" ind1=" " ind2=" ">
    <subfield code="a">NB</subfield>
  </datafield>
  <datafield tag="995" ind1=" " ind2=" ">
    <subfield code="5">2022-06-01</subfield>
    <subfield code="a">ad</subfield>
    <subfield code="b">NLR01</subfield>
    <subfield code="c">NLR01</subfield>
    <subfield code="e">RF81</subfield>
    <subfield code="f">1-3826539</subfield>
    <subfield code="k">2022-7/4061</subfield>
    <subfield code="o">0</subfield>
    <subfield code="r">BOOK</subfield>
    <subfield code="s">202274061_</subfield>
  </datafield>
  <datafield tag="995" ind1=" " ind2=" ">
    <subfield code="5">2022-06-01</subfield>
    <subfield code="a">ad</subfield>
    <subfield code="b">NLR01</subfield>
    <subfield code="c">NLR01</subfield>
    <subfield code="e">RF81</subfield>
    <subfield code="f">1-3826535</subfield>
    <subfield code="k">2022-7/4061</subfield>
    <subfield code="o">0</subfield>
    <subfield code="r">BOOK</subfield>
    <subfield code="s">202274061_</subfield>
  </datafield>
</record>
